00382nam a2200133Ia 4500008004100000100002400041245001700065260000900082300002900091440002400120650001300144999001900157952007200176180117s9999 xx 000 0 und d aby Sara Grace Fojos 4aThe Grab Bag c2017 a10-12 pages, 2017 May 21 aPhilippine Panorama aGRAB BAG c353496d353496 001040aCLbCLd2018-01-17l0r2018-01-17 00:00:00w2018-01-17ySE